| 000 | 01129nam a2200301Ia 4500 | ||
|---|---|---|---|
| 001 | Z_6383 | ||
| 008 | 220601s9999 xx 000 0 und d | ||
| 020 | _a978-92-9248-398-2 | ||
| 082 | _a634.304 I33 | ||
| 110 | _aInstituto Interamericano de Cooperación para la Agricultura | ||
| 245 | _aEvaluación de HLB 2008, 2009 y 2010 / IICA, SAGARPA, SENASICA, CEF-Profit | ||
| 260 | _aMéxico : IICA | ||
| 300 | _a127 p. | ||
| 500 | _aEsta publicación tambien esta disponible en formato electrónico (PDF) en el sito web en http.//www.iica. int. | ||
| 503 | _aej.1: Donación | ||
| 504 | _aBibliografía: p. 122 - 127, Incluye índice | ||
| 650 | _a1. Frutos cítricos | ||
| 650 | _aFruticultura - Investigación | ||
| 650 | _aCítricos - Enfermedades | ||
| 650 | _aCítricos - Enfermedades por bacterias | ||
| 650 |
_aControl de plagas _927595 |
||
| 710 |
_aInstituto Interamericano de Cooperación para la Agricultura (IICA) \ SAGARPA \ SENASICAÌ _9183625 |
||
| 901 | _a634.304 I33 | ||
| 902 | _aM | ||
| 905 | _a5232272012 mx mn 8221113311spa16 | ||
| 942 | _c1 | ||
| 999 |
_c217127 _d217127 |
||